000 00539nam a2200229Ia 4500
003 OSt
005 20220924142856.0
006 a|||||r|||| 00| 0
007 ta
008 ASM
024 _a303656
037 _cTextual
040 _aARTS
_cARTS
_bASM
041 _2ASM
_aASM
082 _aO158,1wM98, L8
100 _aMisra A.K.
_9214226
245 0 _aKavi Prasannalal
260 _c1978
650 _aASSAMESE LITERATURE
_911738
942 _hO158,1wM98, L8
_cTEXL
_2CC
999 _c452297
_d452297